[Event "Regionalliga SO 1617 (Women)"]
[Site "Germany"]
[Date "2017.02.12"]
[Round "4.2"]
[White "Kluge, Leyla"]
[Black "Kempe, Anne"]
[Result "1/2-1/2"]
[WhiteElo "1578"]
[BlackElo "1798"]
[PlyCount "53"]
[EventDate "2016.10.23"]
[EventType "team-tourn"]
[EventRounds "5"]
[EventCountry "GER"]
[SourceTitle "EXT 2018"]
[Source "ChessBase"]
[SourceDate "2017.10.13"]
[SourceVersion "1"]
[SourceVersionDate "2017.10.13"]
[SourceQuality "1"]
[WhiteTeam "Chemnitz USG (W)"]
[BlackTeam "Chemnitz Aufbau (W)"]
[WhiteTeamCountry "GER"]
[BlackTeamCountry "GER"]

1. c4 Nf6 2. Nc3 g6 3. g3 Bg7 4. Bg2 c6 5. d3 0-0 6. e3 d5 7. cxd5 Nxd5 8. Nxd5 cxd5 9. Qb3 e6 10. Ne2 Nd7 11. Bd2 Nc5 12. Qc2 b6 13. d4 Nb7 14. Rc1 Re8 15. Bb4 Bf8 16. Bxf8 Kxf8 17. 0-0 Nd6 18. Rfd1 Qd7 19. Qc6 Qxc6 20. Rxc6 Ba6 21. Nf4 Nc4 22. b3 Na5 23. Rc7 Rec8 24. Rdc1 Rxc7 25. Rxc7 Rc8 26. Rxc8+ Bxc8 27. Bf1 1/2-1/2

[Event "GER-chT U20 Girls"]
[Site "Osnabrueck"]
[Date "2015.12.29"]
[Round "5.2"]
[White "Kluge, Leyla"]
[Black "Alsheimer, Lea"]
[Result "0-1"]
[WhiteElo "1663"]
[BlackElo "1782"]
[PlyCount "114"]
[EventDate "2015.12.27"]
[EventType "team-swiss"]
[EventRounds "7"]
[EventCountry "GER"]
[SourceTitle "EXT 2017"]
[Source "ChessBase"]
[SourceDate "2016.10.25"]
[SourceVersion "1"]
[SourceVersionDate "2016.10.25"]
[SourceQuality "1"]
[WhiteTeam "Chemnitz USG"]
[BlackTeam "Bechhofen"]
[WhiteTeamCountry "GER"]
[BlackTeamCountry "GER"]

1. c4 e5 2. Nc3 Nc6 3. g3 f5 4. Bg2 Nf6 5. d3 Bb4 6. Bd2 Bxc3 7. Bxc3 d6 8. Nf3 0-0 9. 0-0 Qe8 10. Qc2 Qh5 11. b4 f4 12. b5 Nd8 13. Qd2 Bh3 14. e3 fxg3 15. fxg3 Ng4 16. Rae1 Ne6 17. Bxh3 Qxh3 18. Qg2 Qh6 19. Bd2 Qg6 20. d4 exd4 21. exd4 Rae8 22. Nh4 Rxf1+ 23. Qxf1 Qf6 24. Qxf6 Nxf6 25. d5 Nc5 26. Rxe8+ Nxe8 27. Be3 Kf7 28. Bd4 b6 29. Kf2 Nf6 30. Kf3 Nfe4 31. Kf4 g5+ 32. Kg4 gxh4 33. Kxh4 Nd2 34. Kg4 Kg6 35. Kf4 Nxc4 36. h4 Na3 37. g4 h5 38. gxh5+ Kxh5 39. Bf6 Nxb5 40. Ke3 a5 41. Ke2 Ne4 42. Bb2 Nec3+ 43. Kd3 Nxd5 44. a4 Na7 45. Kc4 c6 46. Bg7 Kxh4 47. Bf8 Nc8 48. Bg7 Kg4 49. Kd4 Kf3 50. Kd3 Nb4+ 51. Kd4 Ke2 52. Kc3 d5 53. Bd4 c5 54. Bf6 Nd6 55. Bg7 Ne4+ 56. Kb3 d4 57. Kc4 d3 0-1

[Event "GER-ch U16 Girls"]
[Site "Magdeburg"]
[Date "2014.06.13"]
[Round "8"]
[White "Lemke, Berfin"]
[Black "Kluge, Leyla"]
[Result "0-1"]
[WhiteElo "1727"]
[BlackElo "1790"]
[PlyCount "108"]
[EventDate "2014.06.08"]
[EventType "swiss"]
[EventRounds "9"]
[EventCountry "GER"]
[SourceTitle "CBM 160 Extra"]
[Source "ChessBase"]
[SourceDate "2014.07.01"]
[SourceVersion "1"]
[SourceVersionDate "2014.07.01"]
[SourceQuality "1"]

1. Nf3 c5 2. b4 cxb4 3. a3 e6 4. axb4 Bxb4 5. c3 Be7 6. e4 d6 7. d4 Nf6 8. Bd3 0-0 9. 0-0 Qc7 10. e5 Nd5 11. Qc2 h6 12. Re1 Nd7 13. Bd2 dxe5 14. dxe5 Nc5 15. Nd4 Bd7 16. f4 Qb6 17. Na3 Ba4 18. Qb1 Qxb1 19. Bxb1 Nb3 20. Nxb3 Bxb3 21. Nb5 a6 22. Nd4 Bc4 23. Kh1 Rac8 24. Be4 Rfd8 25. Reb1 b5 26. Bxd5 Rxd5 27. Nf3 Be2 28. Be1 Ra8 29. Nd4 Bc4 30. Nc6 Bc5 31. Nb4 Rd7 32. Rxa6 Rxa6 33. Nxa6 Be3 34. Bg3 Rd3 35. h3 Rxc3 36. Nb4 Bc5 37. Kh2 Bxb4 38. Rxb4 Rc2 39. Kg1 Bd5 40. Bf2 Bc4 41. Rb1 Bd3 42. Rb3 Bc4 43. Rb1 Re2 44. g3 Rd2 45. Be3 Ra2 46. Bc5 Bd5 47. Rxb5 Rg2+ 48. Kf1 Rxg3 49. Rb8+ Kh7 50. Ke2 Rxh3 51. Be3 Rg3 52. Rb1 h5 53. Rg1 Rh3 54. Bf2 h4 0-1

[Event "GER-ch U16 Girls"]
[Site "Magdeburg"]
[Date "2014.06.10"]
[Round "5"]
[White "Kluge, Leyla"]
[Black "Silber, Stefanie"]
[Result "1/2-1/2"]
[WhiteElo "1790"]
[BlackElo "1514"]
[PlyCount "91"]
[EventDate "2014.06.08"]
[EventType "swiss"]
[EventRounds "9"]
[EventCountry "GER"]
[SourceTitle "CBM 160 Extra"]
[Source "ChessBase"]
[SourceDate "2014.07.01"]
[SourceVersion "1"]
[SourceVersionDate "2014.07.01"]
[SourceQuality "1"]

1. c4 e5 2. Nc3 Nf6 3. g3 Bc5 4. Bg2 0-0 5. d3 h6 6. Nf3 d6 7. 0-0 Nc6 8. a3 Re8 9. b4 Bb6 10. e3 Bg4 11. h3 Bh5 12. Qc2 Bg6 13. Bb2 Qd7 14. Kh2 Rad8 15. Rac1 e4 16. dxe4 Nxe4 17. Nxe4 Bxe4 18. Qc3 f6 19. Nd4 Bxg2 20. Kxg2 Bxd4 21. exd4 d5 22. c5 Ne7 23. Qd3 c6 24. Rfe1 Qf5 25. Qe3 Kf7 26. g4 Qd7 27. Qg3 g5 28. f4 Qc7 29. f5 Qxg3+ 30. Kxg3 Nc8 31. a4 Rxe1 32. Rxe1 Re8 33. Rxe8 Kxe8 34. Kf3 a6 35. Ke3 Kd7 36. Kd3 Kc7 37. h4 Kd7 38. hxg5 hxg5 39. Bc1 Ke7 40. Be3 Kd7 41. Bf2 Ke7 42. Bg3 Kd7 43. Kc3 Ke7 44. Bh2 Kf7 45. Bb8 b5 46. a5 1/2-1/2

[Event "GER-ch U16 Girls"]
[Site "Magdeburg"]
[Date "2014.06.08"]
[Round "2"]
[White "Kempe, Anne"]
[Black "Kluge, Leyla"]
[Result "1-0"]
[WhiteElo "1844"]
[BlackElo "1790"]
[PlyCount "61"]
[EventDate "2014.06.08"]
[EventType "swiss"]
[EventRounds "9"]
[EventCountry "GER"]
[SourceTitle "CBM 160 Extra"]
[Source "ChessBase"]
[SourceDate "2014.07.01"]
[SourceVersion "1"]
[SourceVersionDate "2014.07.01"]
[SourceQuality "1"]

1. e4 c5 2. Nf3 Nc6 3. d4 cxd4 4. Nxd4 g6 5. Nc3 Bg7 6. Be3 d6 7. Qd2 Nf6 8. f3 Bd7 9. 0-0-0 0-0 10. g4 Rb8 11. h4 h5 12. gxh5 Nxh5 13. Rg1 Kh7 14. Be2 Nxd4 15. Bxd4 e5 16. Be3 Qxh4 17. Rh1 Qf6 18. f4 exf4 19. Bxh5 gxh5 20. Bxf4 Bg4 21. Rdg1 Bf3 22. Rh3 Bxe4 23. Rxh5+ Kg8 24. Rxg7+ Qxg7 25. Nxe4 Qg1+ 26. Qd1 Qxd1+ 27. Kxd1 Rbc8 28. Bh6 Rfd8 29. Nf6+ Kh8 30. Rg5 Rg8 31. Bg7+ 1-0

[Event "GER-ch U14 Girls"]
[Site "Oberhof"]
[Date "2013.05.24"]
[Round "8"]
[White "Ley, Sabrina"]
[Black "Kluge, Leyla"]
[Result "0-1"]
[WhiteElo "1479"]
[BlackElo "1678"]
[PlyCount "70"]
[EventDate "2013.05.19"]
[EventType "swiss"]
[EventRounds "9"]
[EventCountry "GER"]
[SourceTitle "CBM 154 Extra"]
[Source "ChessBase"]
[SourceDate "2013.06.25"]
[SourceVersion "2"]
[SourceVersionDate "2013.06.25"]
[SourceQuality "1"]

1. e4 c5 2. Nc3 Nc6 3. Bb5 g6 4. Bxc6 bxc6 5. f4 d6 6. Nf3 Bg7 7. d3 Qc7 8. 0-0 Nh6 9. Qe1 f5 10. h3 0-0 11. Bd2 Nf7 12. Qh4 e5 13. exf5 Bxf5 14. g4 Be6 15. Ne4 Rae8 16. Nfg5 Nxg5 17. Nxg5 Bf6 18. fxe5 dxe5 19. Nxe6 Rxe6 20. Bh6 Rf7 21. Qe1 Qb6 22. b3 g5 23. Rf5 e4 24. Rd1 Qd8 25. Qf1 Bd4+ 26. Kg2 Rxf5 27. Qxf5 Rxh6 28. dxe4 Rd6 29. Rf1 Qe7 30. e5 Rd5 31. Qc8+ Rd8 32. Qxc6 Qxe5 33. Qf3 Qd5 34. Qxd5+ Rxd5 35. Rd1 Re5 0-1

[Event "GER-ch U14 Girls"]
[Site "Oberhof"]
[Date "2013.05.23"]
[Round "7"]
[White "Kast, Larissa"]
[Black "Kluge, Leyla"]
[Result "0-1"]
[WhiteElo "1680"]
[BlackElo "1678"]
[PlyCount "72"]
[EventDate "2013.05.19"]
[EventType "swiss"]
[EventRounds "9"]
[EventCountry "GER"]
[SourceTitle "CBM 154 Extra"]
[Source "ChessBase"]
[SourceDate "2013.06.25"]
[SourceVersion "2"]
[SourceVersionDate "2013.06.25"]
[SourceQuality "1"]

1. e4 c5 2. Nf3 Nc6 3. d4 cxd4 4. Nxd4 g6 5. Nc3 Bg7 6. Be3 Nf6 7. Bc4 d6 8. f3 0-0 9. Bb3 Nd7 10. Qd2 Nb6 11. Nce2 Ne5 12. 0-0-0 Nec4 13. Qd3 Nxe3 14. Qxe3 a5 15. c3 a4 16. Bc2 Nc4 17. Qg5 Qb6 18. b3 axb3 19. axb3 Ra1+ 20. Bb1 e5 21. b4 exd4 22. Nxd4 Bxd4 23. Rxd4 Qa6 24. Kc2 Qa4+ 25. Kd3 Ne5+ 26. Ke3 Qb3 27. Rdd1 Qxc3+ 28. Ke2 Qxb4 29. h4 Ra3 30. h5 f6 31. Qg3 g5 32. h6 Be6 33. f4 Rxg3 34. fxg5 Qb2+ 35. Kf1 Qxg2+ 36. Ke1 Re3# 0-1

[Event "GER-ch U14 Girls"]
[Site "Oberhof"]
[Date "2013.05.21"]
[Round "4"]
[White "Schumann, Rabea"]
[Black "Kluge, Leyla"]
[Result "1-0"]
[WhiteElo "1497"]
[BlackElo "1678"]
[PlyCount "71"]
[EventDate "2013.05.19"]
[EventType "swiss"]
[EventRounds "9"]
[EventCountry "GER"]
[SourceTitle "CBM 154 Extra"]
[Source "ChessBase"]
[SourceDate "2013.06.25"]
[SourceVersion "2"]
[SourceVersionDate "2013.06.25"]
[SourceQuality "1"]

1. c4 c5 2. g3 d6 3. Bg2 g6 4. Nc3 Bg7 5. a3 Nc6 6. Rb1 Nf6 7. b4 cxb4 8. axb4 0-0 9. d3 Ng4 10. Nd5 e6 11. Ne3 Nxe3 12. Bxe3 Nxb4 13. Rxb4 Bc3+ 14. Bd2 Bxb4 15. Bxb4 a5 16. Qa1 Qb6 17. Bd2 f5 18. Nf3 a4 19. 0-0 Qc7 20. Nd4 Bd7 21. Rb1 Rfb8 22. Nb5 Bxb5 23. Rxb5 Qg7 24. Qa3 Qf6 25. Be3 Qe7 26. Bf4 Ra6 27. c5 Qd7 28. Rb1 e5 29. c6 Qd8 30. Qa2+ Kg7 31. Rxb7+ Rxb7 32. cxb7 exf4 33. Qb2+ Kf7 34. b8Q Qxb8 35. Qxb8 a3 36. Qb7+ 1-0

[Event "GER-ch U14 Girls"]
[Site "Oberhof"]
[Date "2013.05.20"]
[Round "3"]
[White "Kluge, Leyla"]
[Black "Bach, Kira Annika"]
[Result "1-0"]
[WhiteElo "1678"]
[BlackElo "1465"]
[PlyCount "109"]
[EventDate "2013.05.19"]
[EventType "swiss"]
[EventRounds "9"]
[EventCountry "GER"]
[SourceTitle "CBM 154 Extra"]
[Source "ChessBase"]
[SourceDate "2013.06.25"]
[SourceVersion "2"]
[SourceVersionDate "2013.06.25"]
[SourceQuality "1"]

1. c4 c5 2. Nc3 Nc6 3. g3 Nf6 4. Bg2 g6 5. e3 Bg7 6. Nge2 d6 7. d3 Bd7 8. 0-0 0-0 9. a3 a5 10. Qc2 Qc8 11. Nf4 Rb8 12. Bd2 e5 13. Nfd5 Bh3 14. Rae1 Bxg2 15. Kxg2 Nxd5 16. Nxd5 b5 17. Bxa5 bxc4 18. dxc4 Rb7 19. Bc3 Ne7 20. Nxe7+ Rxe7 21. Qe4 Qe6 22. Rd1 Rd8 23. Rd2 Ra7 24. Rfd1 Ra6 25. Qd5 Qg4 26. h3 Qe6 27. Qxe6 fxe6 28. e4 Kf7 29. Kg1 Ke7 30. f4 Raa8 31. fxe5 dxe5 32. Rxd8 Rxd8 33. Rxd8 Kxd8 34. b4 Bf8 35. b5 Bd6 36. a4 Kc7 37. a5 Kb7 38. Kf2 h5 39. h4 Bc7 40. Ke2 Bd8 41. a6+ Ka7 42. Bxe5 Bb6 43. Bd6 Ka8 44. Kf3 Ba7 45. Bc7 Bb8 46. b6 e5 47. Bxb8 Kxb8 48. a7+ Kb7 49. Ke3 Ka8 50. Kd3 Kb7 51. Kc3 Ka8 52. Kb3 Kb7 53. Ka4 Ka8 54. Ka5 Kb7 55. Kb5 1-0

[Event "GER-chT U18 Girls"]
[Site "Germany"]
[Date "2012.05.04"]
[Round "1.2"]
[White "Liez, Tatjana"]
[Black "Kluge, Leyla"]
[Result "1-0"]
[WhiteElo "1500"]
[BlackElo "1372"]
[PlyCount "75"]
[EventDate "2012.05.04"]
[EventType "team-swiss"]
[EventRounds "7"]
[EventCountry "GER"]
[SourceTitle "EXT 2014"]
[Source "ChessBase"]
[SourceDate "2013.11.20"]
[SourceVersion "1"]
[SourceVersionDate "2013.11.20"]
[SourceQuality "1"]
[WhiteTeam "Limburg Mariens (W)"]
[BlackTeam "Aue CWG (W)"]
[WhiteTeamCountry "GER"]
[BlackTeamCountry "GER"]

1. e4 c5 2. Nf3 Nc6 3. d4 cxd4 4. Nxd4 g6 5. Be3 Bg7 6. Nc3 d6 7. Be2 Nf6 8. 0-0 0-0 9. Qd2 Bd7 10. Rad1 a6 11. Qc1 Rc8 12. Bh6 b5 13. a3 Qc7 14. Bxg7 Kxg7 15. Nf3 Na5 16. h3 Nc4 17. Nd5 Nxd5 18. exd5 Nb6 19. Rd2 Qb7 20. Rfd1 Rc7 21. c3 Rfc8 22. Rd4 Rc5 23. Rh4 h5 24. Rxh5 gxh5 25. Qg5+ Kh7 26. Qxh5+ Kg7 27. Qg5+ Kh7 28. Rd4 Rc4 29. Bxc4 Rxc4 30. Qxe7 Bc6 31. Qh4+ Kg6 32. dxc6 Qxc6 33. Qg5+ Kh7 34. Qf5+ Kg7 35. Ng5 Qe8 36. Qh7+ Kf6 37. Qh6+ Ke7 38. Qxd6# 1-0

[Event "Sachsen-ch U14 Girls"]
[Site "Sebnitz"]
[Date "2012.04.13"]
[Round "5"]
[White "Zimmermann, Lena"]
[Black "Kluge, Leyla"]
[Result "0-1"]
[WhiteElo "732"]
[BlackElo "1421"]
[PlyCount "68"]
[EventDate "2012.04.10"]
[EventType "swiss"]
[EventRounds "7"]
[EventCountry "GER"]
[SourceTitle "CBM 148 Extra"]
[Source "ChessBase"]
[SourceDate "2012.06.22"]
[SourceVersion "1"]
[SourceVersionDate "2012.06.22"]
[SourceQuality "1"]

1. e4 c5 2. Bc4 Nc6 3. Nf3 g6 4. Nc3 Bg7 5. d3 d6 6. h3 Nf6 7. Be3 0-0 8. 0-0 a6 9. a3 b5 10. Ba2 Bb7 11. Bd5 Nxd5 12. Nxd5 Bxb2 13. Ra2 Bg7 14. Bg5 Rb8 15. Qd2 Re8 16. Qf4 f6 17. Bh4 g5 18. Bxg5 fxg5 19. Nxg5 Ne5 20. Qg3 e6 21. Nf4 Qd7 22. h4 Kh8 23. c3 Nf7 24. Nh5 Nxg5 25. Qxg5 Bxc3 26. Re2 Bd4 27. e5 Qe7 28. Nf6 Rf8 29. Kh1 Bxe5 30. Re3 Qxf6 31. Qh5 Qg7 32. Rg1 Rxf2 33. Rh3 Bxg2+ 34. Rxg2 Qxg2# 0-1

[Event "Sachsen-ch U14 Girls"]
[Site "Sebnitz"]
[Date "2012.04.10"]
[Round "1"]
[White "Kluge, Leyla"]
[Black "Dietrich, Michelle"]
[Result "1/2-1/2"]
[WhiteElo "1421"]
[BlackElo "1065"]
[PlyCount "30"]
[EventDate "2012.04.10"]
[EventType "swiss"]
[EventRounds "7"]
[EventCountry "GER"]
[SourceTitle "CBM 148 Extra"]
[Source "ChessBase"]
[SourceDate "2012.06.22"]
[SourceVersion "1"]
[SourceVersionDate "2012.06.22"]
[SourceQuality "1"]

1. c4 e5 2. Nc3 Nf6 3. e3 Nc6 4. d4 exd4 5. exd4 Qe7+ 6. Be3 d6 7. Be2 g6 8. h3 Bg7 9. Nf3 Bf5 10. a3 0-0 11. 0-0 Rad8 12. Rc1 a6 13. b4 d5 14. c5 Ne4 15. Re1 Qe6 1/2-1/2

[Event "GER-chT U14 Girls"]
[Site "Arendsee"]
[Date "2011.12.29"]
[Round "6.3"]
[White "Kluge, Leyla"]
[Black "Boese, Christina"]
[Result "1-0"]
[WhiteElo "1565"]
[BlackElo "1112"]
[PlyCount "120"]
[EventDate "2011.12.27"]
[EventType "team-swiss"]
[EventRounds "7"]
[EventCountry "GER"]
[SourceTitle "EXT 2022"]
[Source "ChessBase"]
[SourceDate "2021.10.06"]
[SourceVersion "1"]
[SourceVersionDate "2021.10.06"]
[SourceQuality "1"]
[WhiteTeam "Chemnitz USG U14 Girls"]
[BlackTeam "Bechhofen U14 Girls"]
[WhiteTeamCountry "GER"]
[BlackTeamCountry "GER"]

1. c4 Nf6 2. Nc3 e6 3. d4 d5 4. cxd5 exd5 5. Bg5 Be7 6. Nf3 Nbd7 7. e3 b6 8. Bb5 a6 9. Bc6 Rb8 10. Bxf6 Bxf6 11. Bxd5 0-0 12. 0-0 c5 13. Qd3 cxd4 14. exd4 b5 15. Be4 g6 16. Nd5 Bb7 17. Nxf6+ Nxf6 18. Bxb7 Rxb7 19. Rfe1 Nd5 20. Qd2 Rc7 21. Rac1 Rxc1 22. Rxc1 Re8 23. a3 f6 24. h3 Kg7 25. Rc5 Qd6 26. b4 Ra8 27. Qa2 Rd8 28. Qc2 Ne7 29. Rc7 Rd7 30. Rxd7 Qxd7 31. Qc5 Nf5 32. Qb6 Qc8 33. Qa7+ Kf8 34. Qc5+ Qxc5 35. dxc5 Ke7 36. Kf1 Kd7 37. Ke2 Kc6 38. g4 Ne7 39. Nd4+ Kd5 40. Kd3 g5 41. Nf5 Nxf5 42. gxf5 a5 43. bxa5 Kxc5 44. a6 Kb6 45. a7 Kxa7 46. Kd4 Ka6 47. Kd5 Ka5 48. Ke6 Ka4 49. Kxf6 Kxa3 50. Kg7 b4 51. f6 b3 52. f7 b2 53. f8Q+ Ka2 54. Qa8+ Kb1 55. Qb7 Kc1 56. Kxh7 b1Q+ 57. Qxb1+ Kxb1 58. Kg6 Kc2 59. Kxg5 Kd3 60. h4 Ke4 1-0

[Event "GER-chT U14 Girls"]
[Site "Arendsee"]
[Date "2011.12.28"]
[Round "4.3"]
[White "Hinzke, Anna Lena"]
[Black "Kluge, Leyla"]
[Result "1-0"]
[WhiteElo "1376"]
[BlackElo "1565"]
[PlyCount "125"]
[EventDate "2011.12.27"]
[EventType "team-swiss"]
[EventRounds "7"]
[EventCountry "GER"]
[SourceTitle "EXT 2022"]
[Source "ChessBase"]
[SourceDate "2021.10.06"]
[SourceVersion "1"]
[SourceVersionDate "2021.10.06"]
[SourceQuality "1"]
[WhiteTeam "Oesede Georgsmarienhuette U14 Girls"]
[BlackTeam "Chemnitz USG U14 Girls"]
[WhiteTeamCountry "GER"]
[BlackTeamCountry "GER"]

1. e4 c5 2. Nf3 Nc6 3. d4 cxd4 4. Nxd4 Nf6 5. Nc3 g6 6. Be3 Bg7 7. Bc4 0-0 8. Bb3 d6 9. h3 Bd7 10. 0-0 Re8 11. f4 Qc8 12. Qd2 Bxh3 13. gxh3 Qxh3 14. Rf3 Qg4+ 15. Kf2 Qh4+ 16. Ke2 Ng4 17. Nxc6 bxc6 18. Rg1 Qh2+ 19. Ke1 Qxd2+ 20. Bxd2 h5 21. f5 Ne5 22. Rf2 e6 23. fxg6 fxg6 24. Kd1 Kh7 25. Kc1 Rab8 26. Ne2 d5 27. exd5 exd5 28. Bc3 Rf8 29. Rgf1 Ng4 30. Rf7 Rg8 31. Rxa7 Nh6 32. Nf4 Rbf8 33. Bxg7 Rxg7 34. Rxg7+ Kh8 35. Nxg6+ Kxg7 36. Nxf8 h4 37. Ba4 h3 38. Bxc6 h2 39. Bxd5 h1Q 40. Bxh1 Kh8 41. a4 Ng8 42. a5 Ne7 43. a6 Nc8 44. Rf7 Kg8 45. Rc7 Nb6 46. a7 Kxf8 47. Rc8+ Ke7 48. Rb8 Nd7 49. a8Q Nxb8 50. Qb7+ Nd7 51. Bc6 Kf6 52. Qxd7 Ke5 53. Qd3 Kf4 54. Qe2 Kf5 55. Qe3 Kf6 56. Qe4 Kg5 57. Qf3 Kg6 58. Qf4 Kg7 59. Qf5 Kg8 60. Qd7 Kf8 61. Be4 Kg8 62. Bg6 Kf8 63. Qf7# 1-0

[Event "GER-chT U18 Girls"]
[Site "Germany"]
[Date "2011.05.13"]
[Round "3.1"]
[White "Evers, Annika"]
[Black "Kluge, Leyla"]
[Result "1-0"]
[WhiteElo "1708"]
[BlackElo "1426"]
[PlyCount "73"]
[EventDate "2011.05.13"]
[EventType "team-swiss"]
[EventRounds "7"]
[EventCountry "GER"]
[SourceTitle "EXT 2012"]
[Source "ChessBase"]
[SourceDate "2011.11.24"]
[SourceVersion "1"]
[SourceVersionDate "2011.11.24"]
[SourceQuality "1"]
[WhiteTeam "Stade Athenaeum (W)"]
[BlackTeam "Aue CWG (W)"]
[WhiteTeamCountry "GER"]
[BlackTeamCountry "GER"]

1. d4 d5 2. Nf3 Nc6 3. e3 g6 4. Bd3 Bg7 5. 0-0 Nf6 6. b3 0-0 7. Bb2 Re8 8. Nbd2 b6 9. Ne5 Nxe5 10. dxe5 Ng4 11. Nf3 f6 12. exf6 exf6 13. Bb5 Re7 14. Bc6 Rb8 15. Ba3 Rd7 16. Bxd7 Qxd7 17. Rc1 Ba6 18. Re1 c5 19. c4 Rd8 20. cxd5 Qxd5 21. Qxd5+ Rxd5 22. h3 Ne5 23. Nxe5 Rxe5 24. Red1 Re7 25. b4 c4 26. b5 Rc7 27. bxa6 c3 28. Bb4 f5 29. Rd3 Rc4 30. Bxc3 Bxc3 31. Rdxc3 Ra4 32. Rc8+ Kf7 33. R8c7+ Kf6 34. Rxa7 Rxa2 35. Rc6+ Kg5 36. Rxh7 Ra4 37. f4+ 1-0

[Event "Sachsen-ch U12 Girls"]
[Site "Sebnitz"]
[Date "2011.04.27"]
[Round "3"]
[White "Kempe, Anne"]
[Black "Kluge, Leyla"]
[Result "1-0"]
[WhiteElo "1470"]
[BlackElo "1372"]
[PlyCount "155"]
[EventDate "2011.04.26"]
[EventType "swiss"]
[EventRounds "7"]
[EventCountry "GER"]
[SourceTitle "EXT 2012"]
[Source "ChessBase"]
[SourceDate "2011.11.24"]
[SourceVersion "1"]
[SourceVersionDate "2011.11.24"]
[SourceQuality "1"]

1. e4 c5 2. Nf3 Nc6 3. d4 cxd4 4. Nxd4 g6 5. c4 Bg7 6. Be3 Nf6 7. Nc3 d6 8. Be2 0-0 9. 0-0 Re8 10. Rc1 a6 11. a3 e6 12. Nf3 Qc7 13. Qc2 Rd8 14. Rfd1 b6 15. b4 Bb7 16. Na4 Nd7 17. Qd2 Ne7 18. Qxd6 Qxd6 19. Rxd6 Bxe4 20. Nxb6 Nxb6 21. Rxd8+ Rxd8 22. Bxb6 Rd7 23. Rd1 Rxd1+ 24. Bxd1 Bd3 25. Bb3 Bb2 26. a4 Nc6 27. b5 axb5 28. cxb5 Nb8 29. Bd4 Ba3 30. Ne5 Be4 31. a5 Bd6 32. a6 Bxe5 33. Bxe5 Nd7 34. Bd4 e5 35. Be3 Kf8 36. b6 Ke7 37. f3 Bc6 38. a7 Bb7 39. Bc4 Kd6 40. Bxf7 Kc6 41. Be8 Kd6 42. Bxd7 Kxd7 43. Kf2 Kd6 44. Ke2 Kd5 45. Kd3 Bc6 46. Ke2 Kc4 47. Kf2 Kd5 48. Kg3 Ke6 49. Kg4 Kf6 50. Bg5+ Kf7 51. Bd8 h6 52. Bc7 Ke6 53. h4 e4 54. fxe4 Bxe4 55. g3 Kf6 56. Kf4 Bc6 57. g4 h5 58. gxh5 gxh5 59. Ke3 Ke6 60. Kd4 Kd7 61. Ke5 Ke7 62. Kf5 Kf7 63. Kg5 Bf3 64. b7 Bxb7 65. Kxh5 Ke7 66. Kg5 Kd7 67. Bb8 Kc8 68. Kf4 Bd5 69. Ke5 Bc6 70. h5 Kb7 71. h6 Be8 72. h7 Bf7 73. h8Q Ka8 74. Bc7+ Kb7 75. a8Q+ Kxc7 76. Qhc8+ Kb6 77. Qab7+ Ka5 78. Qca8# 1-0